Marco referencial para la consulta a la sociedad civil en el proceso de negociación del Acuerdo de Asociación, Unión Europea Centroamérica /
La presente constituye la propuesta "Marco referencial para la consulta a la sociedad en el proceso de negociación del Acuerdo de Asociación, Unión Europea Centroamericana", la cual contiene, tanto lineamientos generales como pautas para la participación de la sociedad civil en el proceso...
Gardado en:
| Autores Corporativos: | , |
|---|---|
| Formato: | Texto |
| Idioma: | Spanish |
| Publicado: |
Managua:
CC-SICA;
2007
|
| Materias: | |
| Etiquetas: |
Engadir etiqueta
Sen Etiquetas, Sexa o primeiro en etiquetar este rexistro!
|
MARC
| LEADER | 00000 a a2200000 04500 | ||
|---|---|---|---|
| 001 | 14817 | ||
| 003 | cru CIDCACS/IIS | ||
| 005 | 20230705111258.0 | ||
| 008 | 230320b2007 nq ||||| |||| 00| 0 spa d | ||
| 040 | |c CRAI IIS |d CRAI IIS | ||
| 090 | |a 01.02.01 M316m | ||
| 110 | |a Comité Consultivo Sistema de la Integración Centroamericana | ||
| 245 | |a Marco referencial para la consulta a la sociedad civil en el proceso de negociación del Acuerdo de Asociación, Unión Europea Centroamérica / |c Comité Consultivo Sistema de la Integración Centroamericana | ||
| 260 | |a Managua: |b CC-SICA; |c 2007 | ||
| 300 | |a 21 p. | ||
| 520 | |a La presente constituye la propuesta "Marco referencial para la consulta a la sociedad en el proceso de negociación del Acuerdo de Asociación, Unión Europea Centroamericana", la cual contiene, tanto lineamientos generales como pautas para la participación de la sociedad civil en el proceso de negociación de las autoridades europeas y centroamericanas | ||
| 650 | |a GOBIERNO | ||
| 650 | |a ACUERDOS INTERNACIONALES | ||
| 650 | |a ECONOMIA | ||
| 650 | |a COMERCIO | ||
| 650 | |a AMERICA CENTRAL | ||
| 710 | |a CC-SICA | ||
| 942 | |2 ddc |c LITG | ||
| 999 | |c 12997 |d 12997 | ||
